000 00523cam a22002051 4500
001 7970249
005 20180126073015.0
008 750908s1962 iaua s000 0 eng
010 _a 62009121
035 _a(OCoLC)1610192
040 _aDLC
_cNcGrE
_dOCoLC
_dDLC
041 _aeng
080 _a567
082 _2567 HOP
100 1 _a9
101 _aMJE
245 1 0 _aFarm records and accounting,
906 _a7
_bcbc
_coclcrpl
_du
_encip
_f19
_gy-gencatlg
942 _2ddc
_cBK
999 _c40990
_d40990